Quick Pick: The Kinks Songs Quiz Stats

 Plays Quiz Updated May 2, 2018

Challenge
Share
Tweet
Embed
Score 0/16 Timer 01:30
0 Plays Today
% Correct
Really
90.2%
Night
89.7%
End
88.8%
Good
88.2%
Respected
88.2%
Superman
87.9%
Waiting
87.3%
Afternoon
85%
% Correct
Dancing
82%
Pictures
81.4%
Sobbing
80.2%
Watts
77.5%
Fashion
75.5%
Village
71.1%
Waterloo
69.7%
Celluloid
64.6%

Today's Daily Dose

You're not logged in!

Compare scores with friends on all Sporcle quizzes.
OR
Log In

You Might Also Like...

Show Comments

Extras

Top Quizzes Today


Score Distribution

Your Account Isn't Verified!

In order to create a playlist on Sporcle, you need to verify the email address you used during registration. Go to your Sporcle Settings to finish the process.

Report this User

Report this user for behavior that violates our Community Guidelines.

Details: